گر د ش ر نگ چمن (Record no. 171661)

MARC details
000 -LEADER
fixed length control field 00614nam a22001937a 4500
005 - DATE AND TIME OF LATEST TRANSACTION
control field 20200117112336.0
010 ## - LCCN (DPL NO)
LC control number A-369506
020 ## - INTERNATIONAL STANDARD BOOK NUMBER
Terms of availability 150.00
International Standard Book Number -
035 ## - SYSTEM CONTROL NUMBER
System control number A-369506
037 ## - SOURCE OF ACQUISITION
Source of stock number/acquisition BPPD/Pub.
Stock number -
082 ## - DEWEY DECIMAL CLASSIFICATION NUMBER
Classification number ن
100 ## - MAIN ENTRY--PERSONAL NAME
Personal name قر ۃ ا لعين حيد ر
245 ## - TITLE STATEMENT
Title گر د ش ر نگ چمن
Statement of responsibility, etc قر ۃ ا لعين حيد ر
246 ## - VARYING FORM OF TITLE
Remainder of title Gardish-e-Rang-e-Chaman (Urdu)
Title proper/short title by Quratulain Haider
260 ## - PUBLICATION, DISTRIBUTION, ETC. (IMPRINT)
Place of publication, distribution, etc Delhi
Name of publisher, distributor, etc Educational Publishing House
Date of publication, distribution, etc 1988 ء
270 ## - ADDRESS
Address Street Wakil,Kucha Pandit,Lal kuan,
City Delhi
Postal code 110006
Telephone number -
Fax number -
300 ## - PHYSICAL DESCRIPTION
Extent 699 ص
Dimensions 22 Cm(Hb)
942 ## - ADDED ENTRY ELEMENTS (KOHA)
Source of classification or shelving scheme Dewey Decimal Classification
Item type Urdu Bks
Classification part ن
Call number suffix ق ر ۃ
Holdings
Withdrawn status Lost status Not for loan Collection code Home library Current library Date acquired Source of acquisition Cost, normal purchase price Full call number Barcode Copy number Cost, replacement price Koha item type
      Fiction Central Library Central Library 17/01/2020 BPPD/Ven. 150.00 ن ق ر ۃ A-369506 1 150.00 Urdu Bks

© Delhi Public Library
Hit Counter
free hit counter